| 000 | 01055cam a22003131 4500 | ||
|---|---|---|---|
| 001 | 2615 | ||
| 003 | FISKH | ||
| 005 | 20240104152750.0 | ||
| 008 | 790809s1940 nyua j 000 1 eng | ||
| 010 | _a 40004229 | ||
| 020 | _a9780590406116 | ||
| 040 |
_aDLC _beng _cDLC _dDLC |
||
| 042 | _alcac | ||
| 043 | _apops--- | ||
| 050 | 0 | 0 |
_aPZ8.1.S75 _bCal |
| 082 | 0 | 0 |
_a[398.2] _220 |
| 100 | 1 |
_aSperry, Armstrong, _d1897-1976. |
|
| 245 | 1 | 0 |
_aCall it courage / _cArmstrong Sperry: illustrations by Dom Lupo |
| 250 | _aThis printing, April 2008 | ||
| 260 |
_aNew York, _bScholastic, _c1940 |
||
| 300 |
_a92 pages : _billustrations ; _c18 cm |
||
| 520 | _aRelates how Mafatu, a young Polynesian boy whose name means Stout Heart, overcomes his terrible fear of the sea and proves his courage to himself and his people. | ||
| 650 | 1 | _aFolklore | |
| 650 | 1 |
_aCourage _xFolklore. |
|
| 650 | 1 |
_aSurvival _xFolklore. |
|
| 710 | 2 |
_aJuvenile Collection (Library of Congress) _5DLC |
|
| 906 |
_a7 _bcbc _corignew _du _eocip _f19 _gy-gencatlg |
||
| 942 |
_2ddc _cBK _n0 |
||
| 999 |
_c2615 _d2615 |
||